MDQL
is popping MORE tags! Check the
thread
!
Quizzes
Events
Quiz Creation
Community
Videos
Private Events
Remove Ads
Sign In
Join for FREE
Feedback
Dark Mode
Quiz Categories
Sports
Geography
Music
Movies
Television
Just For Fun
Miscellaneous
History
Literature
Language
Science
Gaming
Entertainment
Religion
Holiday
For Kids
Quiz Lab
Recent
Popular Today
Quiz Kudos Today
Editor Picks
Curator Picks
Quizzes by...
Day
Popularity
Type
Ratings
Length
Year
Community
Subscriptions
Recent Discussions
Orange Saloon
Badges
Playlists
Quests
Create
Leaderboards
Showdown
Live 5
Trivia Bingo
Activity
Puzzle Library
Sporcle Events
Private Events
Virtual Trivia
Globe League
Become a Host
Pub Owners
SporcleCon
Opinionation
Our Games
Videos
Blog
Mobile Apps
Partnerships
Remove Ads and Go Orange
Feedback
Movies
Disney
Marvel Cinematic Universe
Movie Resume
Movie Titles
Oscar
Actor
Actress
Director
Pixar
Role
Movie Quotes
Movie Characters
Box Office
Nominee
Best Picture
Star Wars
James Bond
Horror Movies
Movies
Disney
Marvel Cinematic Universe
Movie Resume
Movie Titles
Oscar
Actor
Actress
Director
Pixar
Role
Movie Quotes
Movie Characters
Box Office
Nominee
Best Picture
Star Wars
James Bond
Horror Movies
Random Quiz
Search Sporcle
×
Quiz Lab
Quiz Lab
Movies
Song
Type in answers that appear in a list
Type in answers that appear in a list
Classic
Best Score? Go Orange.
Movie Theme Song Quiz 2 (Audio) Stats
Can you name the movies from these songs?
By
Gex
7m
15 Questions
3,614 Plays
3,614 Plays
3,614 Plays
Comments
Comments
Give Quiz Kudos
Give Quiz Kudos
-
- Ratings
hide this ad
More Info
Replay
Link that replays current quiz
Next Quiz
Link to next quiz in quiz playlist
You Got
0%
They Got
Avg Score
59%
Avg Friend Score
Upgrade to see
Score Distribution
Jump to the score distribution portion of the page
Score
0/15
Timer
07:00
0
Plays Today
Time
Movie
% Correct
0:01-
0:14
Harry Potter Series
91.6%
0:47-
1:02
Ghostbusters
91.3%
3:21-
3:36
Jaws
88.2%
2:12-
2:27
Titanic
88%
3:54-
4:32
Lion King
87.7%
1:20-
1:35
Rocky
87.3%
2:44-
3:00
Toy Story
83.4%
1:36-
1:51
Superman
48.4%
Time
Movie
% Correct
0:30-
0:46
Shrek
47.6%
0:14-
0:30
Exorcist
44.2%
1:03-
1:19
Donnie Darko
42.3%
1:52-
2:11
Avatar
33%
2:28-
2:42
Transformers
27.9%
3:37-
3:53
Boondock Saints
20.5%
3:01-
3:20*
Lost
15.2%
Quiz Playlist
Details
Report
Send in Message
Add To Playlist
More Info:
*one of them is a twist
Classic:
Type in answers that appear in a list
Quiz Source
Last Updated: Feb 16, 2017
Quiz Scoreboard
CHALLENGE
Sign Up to Join the Scoreboard
Show All
Scores
Hide
Comments
May contain spoilers
Recently Published
Image Sorting: Flags VI
by Barbecue
Geography
2m
Find the 'City' Movie
by crazypaving
Movies
60s
Colored Red Africa Blitz
by spor1
Geography
45s
More to Explore
Quiz From the Vault
Featured Blog Post
14 Easter Pick-up Lines to Find Eggs With
hide this ad
You Might Also Like...
Tags
Song Quiz
Audio Quiz
theme
Today's Top Quizzes in Movies
Browse Movies
hide this ad
Today's Top Quizzes in Song
Browse Song
Top Contributed Quizzes in Movies
1
Find The 'Big' Movie
2
Find The 'Blue' Movie
3
Find The 'Wild' Movie
4
Movies By Plot
5
The ultimate James Bond movie quiz
6
Hidden Star Wars Character II
7
Pick 5 Posters: Directed by Spielberg
8
Hidden Star Wars Character III
9
Hidden Star Wars Character IV
10
25 Best Actor Nominees (1990s)
Explore More
Trending Topics
NBA
Kpop
Disney
Crossword
Harry Potter
Anime
Marvel
WWE
Pokémon
The Office
Puzzle
Song
Soccer
NFL
Country
hide this ad
More By:
Gex
Quiz
Plays
Rating
Category
Featured
Created
Movie Theme Song Quiz 2 (Audio)
3,614
2.96
Movies
Jan 31, 2010
Dayman Lyrics from It's Always Sunny...
2,407
4.78
Television
Mar 21, 2010
Top Baseball Prospects by Year
2,247
4.13
Sports
Sep 23, 2009
Weird Baseball Stats 2009
1,600
3.71
Sports
Sep 23, 2009
How well do you know Reddit?
829
2.77
Entertainment
Dec 7, 2011
Go to Creator's Profile
Score Distribution
Quiz Creator Spotlight
Gex
Follow
Send a Message
Quizzes Created
-
Created Quiz Play Count
-
More By This Creator
Popular Quizzes Today
1
Colored Red Africa Blitz
2
Find the US States - No Outlines Minefield
3
Find the 'City' Movie
4
5x2 Blitz: Bands
5
The Countries of the World
6
Find the US States
7
Find the Countries of Europe - No Outlines Minefield
8
US States
More Movies Quizzes
1980s Movie Definitions
Published
Trending Quizzes
Colored Red Europe Blitz I
Colored Red Europe Blitz II
Colored Red Africa Blitz II
Colored Red Europe Blitz III
Colored Red Africa Blitz III
Recently Updated
How Do You Spell That?
pecheneg
Godzilla Movies
pecheneg
Grab Bag: 4-10 Letters
pecheneg
2024 March Madness Bracket
pecheneg
Famous TV Couples
Peacemaker
Champions League XIs: Real Madrid
pecheneg
Largest US Cities 1790-2010
pecheneg
Rides in Walt Disney World
pecheneg
Most Oscar Losses (Acting)
pecheneg
Beyoncé Albums
pecheneg
Trending Topics
Anime
Crossword
Marvel
Harry Potter
Kpop
NBA
Disney
Soccer
Pokémon
Song
Country
Puzzle
The Office
NFL
WWE
Your Account Isn't Verified!
In order to create a playlist on Sporcle, you need to verify the email address you used during registration. Go to your
Sporcle Settings
to finish the process.
Report this User
Report this user for behavior that violates our
Community Guidelines
.
Details:
Send Report
Go to the Sporcle.com Mobile Site →
Comments